| 000 | 00843nam a2200265Ia 4500 | ||
|---|---|---|---|
| 005 | 20220316235622.0 | ||
| 008 | 121119s2003 ck a jr 000 0 spa | ||
| 020 | _a9583007803 | ||
| 041 | 0 | _aspa | |
| 100 | 1 | _aCastro Blanco, Elías | |
| 245 | 1 | 0 |
_aPor qué lloraban los Tikuna? y otras leyendas _cElías Castro Blanco |
| 250 | _aPrimera edición | ||
| 300 |
_a66 páginas _bilustraciones |
||
| 490 | 0 | _aLiteratura juvenil | |
| 650 | 1 | 4 |
_2LEMB _aLeyendas indígenas colombiana |
| 650 | 1 | 4 |
_2LEMB _aLiteratura indígena colombiana |
| 650 | 1 | 4 |
_2LEMB _aMitología indígena _vLeyendas |
| 942 |
_2loc _cBK |
||
| 264 |
_aBogotá _bPanamericana _c2003 |
||
| 336 |
_atexto _btxt _2rdacontent |
||
| 337 |
_asin mediación _bn _2rdamedia |
||
| 338 |
_avolumen _bnc _2rdacarrier |
||
| 040 |
_aCO-BoRNBP _bspa _erda _cCO-BoRNBP |
||
| 084 | _aLM CAS4 | ||
| 999 |
_c1566 _d1566 |
||